000 00366nam a2200145Ia 4500
008 230917s9999||||xx |||||||||||||| ||und||
040 _e148708
_aMAIN
041 _aEnglish
082 _a300.72 N115R
100 _aNachmias, David
245 0 _aResearch methods in the social science
260 _aLondon
_bEdward Arnold
_c1976
300 _a335p p.
942 _cBK
999 _c195730
_d195730